000 00674nam a2200289Ia 4500
005 20260324135639.0
008 008 260324s9999 xx 000 0 eng d
020 _a9780429178849
037 _aEBOOK
040 _aCRL
040 _beng
040 _cCRL
041 _2eng
041 _aeng
084 _qCRL
100 _aLeszek Skrzypcazk; Henryk Hudzik
_91201367
245 0 _aFunction Spaces
245 4 _bThe Fifth Conference
260 _bTaylor and Francis
260 _c2000
365 _a
365 _b1920
856 _uhttp://www.taylorfrancis.com/books/9780429178849
942 _cEBOOK
999 _c1802690
_d1802690